000 00473ntaaa2200193 4500
003 01
005 20251027202040.0
008 0714s1973 ag 01
040 _aAR-BaBN
_bspa
_cAR-BaBN
_eaacr
_dRIC
082 _a251.0100 C58
100 _aCleland, James T
_919092
245 _aPreaching to be understood
250 _a1 ed.
260 _aNew York :
_bAbingdon Press,
_cc1965
300 _a126 p
500 _aPredicación
650 _ahomilética
_91351
942 _cBK
999 _c15295
_d15295